ARRUPE JESUIT UNIVERSITY

CORONAVIRUS -STOP THE SPREAD - CLEAN,DISINFECT,COVER

The open church : (Record no. 118290)

MARC details
000 -LEADER
fixed length control field 01128cam a2200337ui 4500
001 - CONTROL NUMBER
control field 4432326
003 - CONTROL NUMBER IDENTIFIER
control field ARRUPE
005 - DATE AND TIME OF LATEST TRANSACTION
control field 20131008172416.0
008 - FIXED-LENGTH DATA ELEMENTS--GENERAL INFORMATION
fixed length control field 780418s1978 enk b 000 0 eng d
020 ## - INTERNATIONAL STANDARD BOOK NUMBER
International Standard Book Number 0334011876
035 ## - SYSTEM CONTROL NUMBER
System control number (OCoLC)3809942
035 ## - SYSTEM CONTROL NUMBER
System control number (OCoLC)ocm03809942
035 ## - SYSTEM CONTROL NUMBER
System control number (NNC)4432326
040 ## - CATALOGING SOURCE
Original cataloging agency MNtcA
Transcribing agency MNtcA
Modifying agency NNUT
-- CStRLIN
041 1# - LANGUAGE CODE
Language code of text/sound track or separate title eng
Language code of original and/or intermediate translations of text ger
050 ## - LIBRARY OF CONGRESS CALL NUMBER
Classification number BV603
Item number .M43 1978
090 ## - LOCALLY ASSIGNED LC-TYPE CALL NUMBER (OCLC); LOCAL CALL NUMBER (OCLC)
Classification number (OCLC) (R) ; Classification number, CALL (RLIN) (NR) BV603
Local cutter number (OCLC) ; Book number/undivided call number, CALL (RLIN) .M43 1978
300 ## - PHYSICAL DESCRIPTION
Dimensions 23 cm.
100 1# - MAIN ENTRY--PERSONAL NAME
Personal name Moltmann, Jürgen.
9 (RLIN) 2284
245 14 - TITLE STATEMENT
Title The open church :
Remainder of title invitation to a messianic lifestyle /
Statement of responsibility, etc Jürgen Moltmann ; [translated with an introd. by M. Douglas Meeks].
250 ## - EDITION STATEMENT
Edition statement 1st British ed.
260 ## - PUBLICATION, DISTRIBUTION, ETC. (IMPRINT)
Place of publication, distribution, etc London :
Name of publisher, distributor, etc SCM Press,
Date of publication, distribution, etc 1978.
300 ## - PHYSICAL DESCRIPTION
Extent 128 p. ;
500 ## - GENERAL NOTE
General note A freely adapted translation of Neuer Lebensstil: Schritte zur Gemeinde.
500 ## - GENERAL NOTE
General note American ed. published under title: The passion for life: a messianic lifestyle.
504 ## - BIBLIOGRAPHY, ETC. NOTE
Bibliography, etc Includes bibliographical references.
650 #0 - SUBJECT ADDED ENTRY--TOPICAL TERM
Topical term or geographic name as entry element Church.
9 (RLIN) 2285
650 #0 - SUBJECT ADDED ENTRY--TOPICAL TERM
Topical term or geographic name as entry element Christian life.
9 (RLIN) 2286
700 1# - ADDED ENTRY--PERSONAL NAME
Personal name Meeks, M. Douglas.
9 (RLIN) 2287
942 ## - ADDED ENTRY ELEMENTS (KOHA)
Source of classification or shelving scheme Library of Congress Classification
Koha item type Monograph ( Printed materials)

No items available.

 

Arrupe Library. PO Box MP320 Mt Pleasant, Harare, Zimbabwe
263 242 745411|librarian@aju.ac.zw